000
00325nam a2200145Ia 4500
100
_a
Hornby/A.S/ Parnwell/E.C
650
_a
General
942
_c
BK
654
_a
English Reders Dictionary
245
_a
English Reders Dictionary
260
_b
Oxford
_a
Oxfard
_c
1983
082
_a
423
300
_a
631
546
_a
ENGLISH
999
_c
32183
_d
32183